| 000 | 00613nam a2200205Ia 4500 | ||
|---|---|---|---|
| 001 | Para_9814 | ||
| 008 | 220602s9999 xx 000 0 und d | ||
| 020 | _a978 - 607 - 400 771 - 8 | ||
| 082 | _aPA 158.1 R57 | ||
| 100 |
_aRiso, Walter _9127740 |
||
| 245 | _aEl camino de los sabios : Filosofía para la vida cotidiana / Walter Riso | ||
| 260 | _aMéxico : Oceano | ||
| 300 | _a178 p. | ||
| 650 |
_aPsicología - Autoestima \ Filosofía antiguaÌ _9185053 |
||
| 901 | _aPA 158.1 R57 | ||
| 902 | _aM | ||
| 905 | _a5232202012 9000000300 06 | ||
| 942 | _c1 | ||
| 999 |
_c217230 _d217230 |
||